00337nam a2200121Ia 4500008004100000041000800041082001600049100002100065245004500086260004200131300003100173365001100204240624s9999 xx 000 0 und d aeng a303.482 AGA aAGARWAL MANMOHAN aGLOBALIZATION AND THE MILLENNIUM DEVELOP c2007aNew DelhibSocial Science Press axix, : 260 : p. : cm. ; 22 cRSb30